Filozofia

Gespeichert in:
Bibliographische Detailangaben
Format: Unbekannt
Sprache:Slowakisch
Veröffentlicht: Bratislava INFOPRESS 2005
Schlagworte:
Tags: Tag hinzufügen
Keine Tags, Fügen Sie das erste Tag hinzu!

MARC

LEADER 00000 2a2200000 4500
001 0089379
005 20090115102708.6
022 |a 0046-385X 
041 0 |a slo 
044 |a SK 
245 1 0 |a Filozofia 
264 1 |a Bratislava  |b INFOPRESS  |c 2005 
773 0 |w eu_un_cat*s120050 
610 2 0 |a filozofia